2022/23 Top Transfers - Statistics

General Stats
  • This quiz has been taken 17 times
  • The average score is 76 of 110
Answer Stats
Nation Player From Joined % Correct
England LW Jack Grealish Aston Villa Manchester City
100%
Belgium ST Romelu Lukaku Inter Milan Chelsea
100%
France SS Antoine Griezmann Barcelona Atletico Madrid Loan
94%
Austria CB David Alaba Bayern Munich Real Madrid Free
94%
France CM Eduardo Camavinga Rennes Real Madrid
94%
Spain RW Ferran Torres Manchester City Barcelona
94%
England LW Jadon Sancho Borussia Dortmund Manchester United
94%
Argentina RW Lionel Messi Barcelona Paris Saint-Germain Free
94%
France CB Raphael Varane Real Madrid Manchester United
94%
Morocco RB Achraf Hakimi Inter Milan Paris Saint-Germain
88%
England RB Ben White Brighton & Hove Albion Arsenal
88%
France CB Dayot Upamecano RB Leipzig Bayern Munich
88%
Serbia ST Dusan Vlahovic Fiorentina Juventus
88%
Italy GK Gianluigi Donnarumma Milan Paris Saint-Germain Free
88%
France CB Ibrahima Konate RB Leipzig Liverpool
88%
Colombia LW Luis Diaz Porto Liverpool
88%
Norway AM Martin Odegaard Real Madrid Arsenal
88%
Netherlands ST Memphis Depay Lyon Barcelona Free
88%
England ST Tammy Abraham Chelsea Roma
88%
France CM Tanguy Ndombele Tottenham Hotspur Lyon Loan
88%
Spain RW Adama Traore Wolverhampton Wanderers Barcelona Loan
81%
France ST Anthony Martial Manchester United Sevilla Loan
81%
Brazil DM Bruno Guimaraes Lyon Newcastle United
81%
Portugal ST Cristiano Ronaldo Juventus Manchester United
81%
Argentina CB Cristian Romero Juventus Atalanta
81%
Argentina CB Cristian Romero Atalanta Tottenham Hotspur Loan
81%
Wales LW Daniel James Manchester United Leeds United
81%
Netherlands CM Georginio Wijnaldum Liverpool Paris Saint-Germain Free
81%
Colombia AM James Rodriguez Everton Al-Rayyan
81%
France CB Kurt Zouma Chelsea West Ham United
81%
Austria CM Marcel Sabitzer RB Leipzig Bayern Munich
81%
Portugal LB Nuno Mendes Sporting CP Paris Saint-Germain Loan
81%
Argentina CM Rodrigo de Paul Udinese Atletico Madrid
81%
England GK Aaron Ramsdale Sheffield United Arsenal
75%
Spain LB Angelino Manchester City RB Leipzig
75%
Portugal DM Danilo Pereira Porto Paris Saint-Germain
75%
Sweden RW Dejan Kulusevski Juventus Tottenham Hotspur Loan
75%
Netherlands CM Donny van de Beek Manchester United Everton Loan
75%
Brazil RB Emerson Royal Barcelona Tottenham Hotspur
75%
Spain CB Eric Garcia Manchester City Barcelona Free
75%
England CB Fikayo Tomori Chelsea Milan
75%
Argentina AM Giovani Lo Celso Tottenham Hotspur Villarreal Loan
75%
Turkey CM Hakan Calhanoglu Milan Inter Milan Free
75%
Ivory Coast AM Hamed Junior Traore Empoli Sassuolo
75%
Argentina ST Julian Alvarez River Plate Manchester City
75%
Argentina ST Julian Alvarez Manchester City River Plate Loan
75%
Jamaica LW Leon Bailey Bayer Leverkusen Aston Villa
75%
France LB Lucas Digne Everton Aston Villa
75%
Uruguay DM Lucas Torreira Arsenal Fiorentina Loan
75%
France GK Mike Maignan Lille Milan
75%
Bosnia CM Miralem Pjanic Barcelona Besiktas Loan
75%
Italy ST Moise Kean Everton Juventus Loan
75%
Spain RW Pablo Sarabia Paris Saint-Germain Sporting CP Loan
75%
Uruguay CM Rodrigo Bentancur Juventus Tottenham Hotspur
75%
Spain CM Saul Niguez Atletico Madrid Chelsea Loan
75%
Japan RB Takehiro Tomiyasu Bologna Arsenal
75%
France DM Tiemoue Bakayoko Chelsea Milan Loan
75%
Portugal ST Andre Silva Eintracht Frankfurt RB Leipzig
69%
Spain LW Bryan Gil Sevilla Tottenham Hotspur
69%
Spain LW Bryan Gil Tottenham Hotspur Valencia Loan
69%
New Zealand ST Chris Wood Burnley Newcastle United
69%
England ST Danny Ings Southampton Aston Villa
69%
Brazil RW David Neres Ajax Shakhtar Donetsk
69%
Switzerland DM Denis Zakaria Borussia Monchengladbach Juventus
69%
Netherlands RW Donyell Malen PSV Borussia Dortmund
69%
Argentina RW Emiliano Buendia Norwich City Aston Villa
69%
Cameroon CM Frank Anguissa Fulham Napoli Loan
69%
Spain RB Hector Bellerin Arsenal Real Betis Loan
69%
England CM Joe Willock Arsenal Newcastle United
69%
France CM Matteo Guendouzi Arsenal Marseille Loan
69%
Zambia ST Patson Daka RB Salzburg Leicester City
69%
Germany LM Robin Gosens Atalanta Inter Milan Loan
69%
United States CM Weston McKennie Schalke Juventus
69%
Netherlands ST Wout Weghorst Wolfsburg Burnley
69%
England AM Dele Alli Tottenham Hotspur Everton Free
63%
Ivory Coast LW Jeremie Boga Sassuolo Atalanta Loan
63%
Denmark CB Joachim Andersen Lyon Crystal Palace
63%
Italy DM Manuel Locatelli Sassuolo Juventus Loan
63%
Brazil ST Matheus Cunha Hertha Berlin Atletico Madrid
63%
Italy RW Matteo Politano Inter Milan Napoli
63%
Turkey CB Merih Demiral Juventus Atalanta Loan
63%
Croatia AM Nikola Vlasic CSKA Moscow West Ham United
63%
Netherlands LW Arnaut Danjuma Bournemouth Villarreal
56%
Portugal RW Francisco Trincao Barcelona Wolverhampton Wanderers Loan
56%
Brazil CM Gerson Flamengo Marseille
56%
Guinea CM Ilaix Moriba Barcelona RB Leipzig
56%
Guinea CM Ilaix Moriba RB Leipzig Valencia Loan
56%
Argentina SS Joaquin Correa Lazio Inter Milan Loan
56%
Spain LB Marc Cucurella Getafe Brighton & Hove Albion
56%
England CB Marc Guehi Chelsea Crystal Palace
56%
Turkey CB Ozan Kabak Schalke Norwich City Loan
56%
Brazil CB Roger Ibanez Atalanta Roma
56%
Italy DM Sandro Tonali Brescia Milan
56%
Ukraine LB Vitaliy Mykolenko Dynamo Kyiv Everton
56%
Brazil RB Emerson Royal Real Betis Barcelona
50%
Mexico RW Jesus Corona Porto Sevilla
50%
France RW Jonathan Ikone Lille Fiorentina
50%
Argentina GK Juan Musso Udinese Atalanta
50%
Argentina RW Nicolas Gonzalez Stuttgart Fiorentina
50%
Iran ST Sardar Azmoun Zenit Bayer Leverkusen
50%
France DM Boubakary Soumare Lille Leicester City
44%
Netherlands LW Noa Lang Ajax Club Brugge
44%
Argentina AM Thiago Almada Velez Sarsfield Atlanta United
44%
Albania CB Marash Kumbulla Hellas Verona Roma
38%
Gambia LW Musa Barrow Atalanta Bologna
38%
Zambia CM Enock Mwepu RB Salzburg Brighton & Hove Albion
31%
Ivory Coast CB Odilon Kossounou Club Brugge Bayer Leverkusen
31%
Colombia ST Jhon Cordoba Hertha Berlin Krasnodar
19%
England LM Todd Cantwell Norwich City Bournemouth Loan
19%
Brazil ST Yuri Alberto Internacional Zenit
13%
No matching quizzes found
Score Distribution
Percent of People with Each Score
Percentile by Number Answered
Your Score History
You have not taken this quiz